Fast Food Restaurant Hunt Quiz Stats

 Plays Quiz Updated Nov 30, 2017

Score 0/25 Timer 05:00
20 Plays Today
% Correct
McDonald's
80.9%
Burger King
80.9%
KFC
78%
Taco Bell
75.8%
Subway
74.8%
Wendy's
74.6%
Pizza Hut
73.4%
Starbucks
70.3%
Domino's Pizza
70.2%
Arby's
69.7%
Dunkin' Donuts
67.7%
Chick-fil-A
66.6%
Dairy Queen
65.2%
% Correct
Papa John's Pizza
61.4%
Chipotle
50.9%
Jack in the Box
50.2%
Little Caesars Pizza
49.9%
Sonic Drive-In
48.4%
Popeyes
47.5%
Panera Bread
42.7%
Carl's Jr.|Hardees
41.1%
Panda Express
37%
Jimmy John's
29.6%
Whataburger
18.1%
Zaxby's
7.6%

You're not logged in!

Compare scores with friends on all Sporcle quizzes.
OR
Log In

Sporcle TV

Today on Sporcle TV


Watch our educational content, quiz creation guides, and fun videos on Sporcle TV.

Show Comments

Extras

Top Quizzes Today


Score Distribution

Your Account Isn't Verified!

In order to create a playlist on Sporcle, you need to verify the email address you used during registration. Go to your Sporcle Settings to finish the process.

Report this User

Report this user for behavior that violates our Community Guidelines.

Details: